[Event "CHI-chT"]
[Site "Santiago de Chile"]
[Date "2012.12.18"]
[Round "8"]
[White "Rioseco Pinochet, Fernando Luis"]
[Black "Vera Salamanca, Claudio"]
[Result "1-0"]
[WhiteElo "2224"]
[BlackElo "2024"]
[PlyCount "103"]
[EventDate "2012.11.22"]
[EventType "team-tourn"]
[EventRounds "9"]
[EventCountry "CHI"]
[SourceTitle "EXT 2014"]
[Source "ChessBase"]
[SourceDate "2013.11.20"]
[SourceVersion "1"]
[SourceVersionDate "2013.11.20"]
[SourceQuality "1"]

1. e4 c5 2. Nf3 d6 3. d4 cxd4 4. Nxd4 Nf6 5. f3 Nc6 6. c4 g6 7. Be3 Bg7 8. Nc3 0-0 9. Qd2 e6 10. Ndb5 d5 11. Bc5 a6 12. Bxf8 Bxf8 13. Nd4 e5 14. Nc2 d4 15. Nd5 Bg7 16. Bd3 Be6 17. 0-0 h6 18. b4 Kh7 19. Rfb1 g5 20. b5 Ne7 21. bxa6 bxa6 22. Rb7 Ng6 23. Rab1 Nf4 24. Nc7 Rc8 25. Nxe6 fxe6 26. g3 Nxd3 27. Qxd3 Nd7 28. Qf1 Nc5 29. R7b6 a5 30. Kg2 Qd7 31. R1b5 d3 32. Ne3 Qd4 33. Nd1 Na4 34. Rxe6 Qxc4 35. Rd5 Qxa2+ 36. Kh3 Rc2 37. Qg1 h5 38. Re7 Rc6 39. Rxg7+ Kxg7 40. Qa7+ Kh6 41. Ne3 Rf6 42. Rd6 Kg6 43. Rxf6+ Kxf6 44. Nd5+ Kg6 45. Qa6+ Kh7 46. Qb7+ Kg6 47. Qc6+ Kg7 48. Qf6+ Kh7 49. Ne7 g4+ 50. Kh4 Qxh2+ 51. Kg5 Qd2+ 52. f4 1-0

[Event "CHI-chT"]
[Site "Santiago de Chile"]
[Date "2012.12.06"]
[Round "5"]
[White "Pollio, Carlos Eduardo"]
[Black "Vera Salamanca, Claudio"]
[Result "0-1"]
[WhiteElo "1989"]
[BlackElo "2024"]
[PlyCount "150"]
[EventDate "2012.11.22"]
[EventType "team-tourn"]
[EventRounds "9"]
[EventCountry "CHI"]
[SourceTitle "EXT 2014"]
[Source "ChessBase"]
[SourceDate "2013.11.20"]
[SourceVersion "1"]
[SourceVersionDate "2013.11.20"]
[SourceQuality "1"]

1. d4 d5 2. Bf4 Bf5 3. Nf3 Nf6 4. e3 e6 5. Nbd2 Bd6 6. Bg3 Qe7 7. Be2 Nbd7 8. Nh4 Bg6 9. f4 Ne4 10. Nxg6 hxg6 11. Nxe4 dxe4 12. c3 Nf6 13. Qb3 c6 14. Bf2 Rc8 15. g4 Qc7 16. Qc2 Qb6 17. b4 a5 18. a3 axb4 19. axb4 Nd5 20. g5 f5 21. gxf6 Nxf6 22. Bc4 Kf7 23. Qe2 Rh6 24. h4 Rch8 25. Qa2 Re8 26. Rg1 Qc7 27. Bg3 Re7 28. Ke2 b6 29. Raf1 c5 30. Be1 Qa7 31. Bxe6+ Kf8 32. Qb3 cxb4 33. cxb4 Qa6+ 34. b5 Qa3 35. f5 gxf5 36. Rxf5 Qxb3 37. Bxb3 Ra7 38. Bd2 Ra3 39. Bc4 Rxh4 40. Rg2 Ra4 41. Bb3 Ra3 42. Bd5 Ra4 43. Bb3 Ra3 44. Be6 Rh5 45. Rxh5 Nxh5 46. Kd1 Ke7 47. Bd5 Ng3 48. Kc2 Ra7 49. Be1 Nf5 50. Bd2 Ra3 51. Kb2 Ra7 52. Bxe4 Kf6 53. Bd5 g6 54. Bb3 Re7 55. Re2 Ng3 56. Re1 Ne4 57. Bc3 Rc7 58. Rf1+ Kg5 59. Be1 Kg4 60. Be6+ Kg5 61. Rh1 Kf6 62. Bd5 Re7 63. Rh8 Kg7 64. Rd8 Bc7 65. Ra8 Nf6 66. Bb3 Rxe3 67. Bh4 Re7 68. Bg5 Bd6 69. Rc8 Rc7 70. Rd8 Bb4 71. d5 Ne4 72. Bc1 Kf6 73. Bf4 Bc3+ 74. Ka2 Ra7+ 75. Kb1 Ra1+ 0-1

[Event "CHI-chT"]
[Site "Santiago de Chile"]
[Date "2012.12.04"]
[Round "4"]
[White "Vera Salamanca, Claudio"]
[Black "Faundez Vergara, Jose"]
[Result "1-0"]
[WhiteElo "2024"]
[BlackElo "2036"]
[PlyCount "87"]
[EventDate "2012.11.22"]
[EventType "team-tourn"]
[EventRounds "9"]
[EventCountry "CHI"]
[SourceTitle "EXT 2014"]
[Source "ChessBase"]
[SourceDate "2013.11.20"]
[SourceVersion "1"]
[SourceVersionDate "2013.11.20"]
[SourceQuality "1"]

1. c4 Nf6 2. Nc3 g6 3. d4 Bg7 4. e4 d6 5. f4 0-0 6. Nf3 c5 7. d5 Nbd7 8. Bd3 a6 9. 0-0 Qc7 10. Qe2 Ng4 11. h3 Ngf6 12. e5 dxe5 13. fxe5 Nh5 14. Re1 f5 15. Bg5 Nb6 16. Rad1 h6 17. Bh4 g5 18. Bf2 g4 19. hxg4 fxg4 20. Nh4 g3 21. Qxh5 gxf2+ 22. Kh1 fxe1Q+ 23. Rxe1 Rf4 24. Qe8+ Rf8 25. Qg6 Rf7 26. Qh7+ Kf8 27. Ng6+ Ke8 28. Qg8+ Bf8 29. Nxf8 Rxf8 30. Bg6+ Kd7 31. Qxf8 Qd8 32. Qf4 Kc7 33. b3 Kb8 34. e6+ Ka7 35. Ne4 Nxd5 36. cxd5 Qxd5 37. Qc7 Qxe6 38. Qxc5+ b6 39. Qc7+ Bb7 40. Bh5 Rc8 41. Qf4 Rc2 42. Bf3 Rxa2 43. Qc7 Rb2 44. Qxb7+ 1-0

[Event "CHI-chT"]
[Site "Santiago de Chile"]
[Date "2012.11.30"]
[Round "3"]
[White "Bernucci Calisto, Enzo"]
[Black "Vera Salamanca, Claudio"]
[Result "0-1"]
[WhiteElo "1676"]
[BlackElo "2024"]
[PlyCount "80"]
[EventDate "2012.11.22"]
[EventType "team-tourn"]
[EventRounds "9"]
[EventCountry "CHI"]
[SourceTitle "EXT 2014"]
[Source "ChessBase"]
[SourceDate "2013.11.20"]
[SourceVersion "1"]
[SourceVersionDate "2013.11.20"]
[SourceQuality "1"]

1. d4 c5 2. d5 d6 3. e4 Nf6 4. Nc3 g6 5. Be2 Bg7 6. Bf4 0-0 7. Qd2 Re8 8. Nf3 Nbd7 9. 0-0 Ng4 10. h3 Nge5 11. Nxe5 Nxe5 12. Bg3 Nd7 13. f4 Qa5 14. a4 a6 15. Kh1 Qb4 16. Rab1 Rb8 17. Qe3 Bd4 18. Qf3 Nf6 19. Be1 Bxc3 20. Bxc3 Qxe4 21. Qxe4 Nxe4 22. Be1 Bd7 23. b3 h5 24. Bd3 Nf6 25. c4 b5 26. axb5 axb5 27. Bc3 b4 28. Bb2 Kg7 29. Kg1 e6 30. g4 hxg4 31. hxg4 e5 32. g5 Nh7 33. Rfe1 f6 34. gxf6+ Kxf6 35. fxe5+ dxe5 36. Ra1 Rb6 37. Ra7 Ng5 38. Kf2 Bf5 39. Ke3 Rh8 40. Kd2 Nf3+ 0-1

[Event "CHI-chT"]
[Site "Santiago de Chile"]
[Date "2012.11.27"]
[Round "2"]
[White "Ramirez Henriquez, Maximiliano"]
[Black "Vera Salamanca, Claudio"]
[Result "0-1"]
[WhiteElo "1738"]
[BlackElo "2024"]
[PlyCount "74"]
[EventDate "2012.11.22"]
[EventType "team-tourn"]
[EventRounds "9"]
[EventCountry "CHI"]
[SourceTitle "EXT 2014"]
[Source "ChessBase"]
[SourceDate "2013.11.20"]
[SourceVersion "1"]
[SourceVersionDate "2013.11.20"]
[SourceQuality "1"]

1. e4 d6 2. d4 Nf6 3. Nc3 g6 4. Bg5 Bg7 5. Qd2 h6 6. Be3 c6 7. f4 Ng4 8. Nf3 Nxe3 9. Qxe3 Nd7 10. Bd3 e5 11. dxe5 dxe5 12. fxe5 Nxe5 13. Nxe5 Bxe5 14. 0-0-0 Bxc3 15. bxc3 Qa5 16. Bc4 Qg5 17. Qxg5 hxg5 18. Rhf1 0-0 19. Rf6 Kg7 20. Rdf1 Bf5 21. e5 Rae8 22. g4 Rxe5 23. Rxf7+ Rxf7 24. Bxf7 Kxf7 25. gxf5 gxf5 26. Rd1 Ke7 27. Rg1 f4 28. Kd2 Kf6 29. h4 gxh4 30. Rg4 Rh5 31. Rxf4+ Kg5 32. Rf1 h3 33. Rg1+ Kf4 34. Ke2 h2 35. Rh1 Kg3 36. Kf1 Rf5+ 37. Ke2 Kg2 0-1

[Event "Santiago Endesa Interempresas tt-B"]
[Site "Santiago de Chile"]
[Date "2009.09.15"]
[Round "9"]
[White "Rojas, Cristian"]
[Black "Vera Salamanca, Claudio"]
[Result "1-0"]
[WhiteElo "1802"]
[BlackElo "1955"]
[PlyCount "39"]
[EventDate "2009.07.21"]
[EventType "team"]
[EventRounds "11"]
[EventCountry "CHI"]
[SourceTitle "EXT 2012"]
[Source "ChessBase"]
[SourceDate "2011.11.24"]
[SourceVersion "1"]
[SourceVersionDate "2011.11.24"]
[SourceQuality "1"]

1. e4 c5 2. Nf3 Nc6 3. d4 cxd4 4. Nxd4 d6 5. Nc3 Nf6 6. Bg5 e6 7. Qd2 Be7 8. 0-0-0 a6 9. Bc4 Bd7 10. Nxc6 bxc6 11. Bxf6 gxf6 12. f4 Qb6 13. Bb3 d5 14. exd5 cxd5 15. Nxd5 exd5 16. Qxd5 Ra7 17. Qxf7+ Kd8 18. Rhe1 Re8 19. Ba4 Qb4 20. Bxd7 1-0

[Event "Santiago Endesa Interempresas tt-B"]
[Site "Santiago de Chile"]
[Date "2009.09.08"]
[Round "8"]
[White "Vera Salamanca, Claudio"]
[Black "San Cristobal Flores, Mario"]
[Result "0-1"]
[WhiteElo "1955"]
[BlackElo "2215"]
[PlyCount "62"]
[EventDate "2009.07.21"]
[EventType "team"]
[EventRounds "11"]
[EventCountry "CHI"]
[SourceTitle "EXT 2012"]
[Source "ChessBase"]
[SourceDate "2011.11.24"]
[SourceVersion "1"]
[SourceVersionDate "2011.11.24"]
[SourceQuality "1"]

1. c4 Nf6 2. Nf3 g6 3. Nc3 Bg7 4. g3 b6 5. Bg2 Bb7 6. 0-0 0-0 7. d4 d6 8. Re1 Ne4 9. Qd3 Nxc3 10. bxc3 Nc6 11. e4 e5 12. d5 Ne7 13. Be3 Kh8 14. Ng5 h6 15. Nh3 Kh7 16. f4 Bc8 17. fxe5 Bxe5 18. Rf1 g5 19. Bd4 Ng6 20. Rf2 Qe7 21. Raf1 Ba6 22. Kh1 Rac8 23. Ng1 c6 24. Bh3 Rc7 25. Bf5 cxd5 26. Bxg6+ Kxg6 27. exd5+ Kg7 28. Re1 Bxc4 29. Qf3 f6 30. Rd2 Qf7 31. Bxe5 fxe5 0-1

[Event "CHI-chT"]
[Site "Santiago de Chile"]
[Date "2008.11.27"]
[Round "7"]
[White "Vera Salamanca, Claudio"]
[Black "Cortes Moyano, Julio"]
[Result "0-1"]
[WhiteElo "2020"]
[BlackElo "2286"]
[PlyCount "40"]
[EventDate "2008.11.04"]
[EventType "team-tourn"]
[EventRounds "9"]
[EventCountry "CHI"]
[SourceTitle "EXT 2012"]
[Source "ChessBase"]
[SourceDate "2011.11.24"]
[SourceVersion "1"]
[SourceVersionDate "2011.11.24"]
[SourceQuality "1"]

1. c4 Nf6 2. Nf3 g6 3. Nc3 Bg7 4. d4 0-0 5. e4 d6 6. Be3 e5 7. Qd2 Ng4 8. 0-0-0 Nxe3 9. Qxe3 Nd7 10. h4 h5 11. Bd3 exd4 12. Nxd4 Re8 13. f4 Nc5 14. Bc2 Bg4 15. Rd2 c6 16. Kb1 Qe7 17. Rf2 f5 18. g3 Nxe4 19. Nxe4 fxe4 20. Re1 Qf6 0-1

[Event "Santiago Endesa 03"]
[Site "Santiago de Chile"]
[Date "2008.04.23"]
[Round "6"]
[White "Vera Salamanca, Claudio"]
[Black "Velasquez Ojeda, Cesar"]
[Result "0-1"]
[WhiteElo "2028"]
[BlackElo "2282"]
[PlyCount "44"]
[EventDate "2008.04.07"]
[EventType "tourn"]
[EventRounds "9"]
[EventCountry "CHI"]
[SourceTitle "EXT 2012"]
[Source "ChessBase"]
[SourceDate "2011.11.24"]
[SourceVersion "1"]
[SourceVersionDate "2011.11.24"]
[SourceQuality "1"]

1. e4 e5 2. Nf3 Nc6 3. Bb5 a6 4. Bxc6 dxc6 5. d4 exd4 6. Qxd4 Qxd4 7. Nxd4 Bd7 8. c4 b5 9. Be3 bxc4 10. Nd2 c5 11. N4f3 Nf6 12. 0-0 Rb8 13. h3 Be7 14. Rfe1 Rxb2 15. Rac1 Rxa2 16. Nxc4 Nxe4 17. Nfe5 Bb5 18. Ra1 Rxa1 19. Rxa1 f6 20. f3 Nc3 21. Bd2 Ne2+ 22. Kf2 Nd4 0-1